La casita azul /

Publicado por primera vez en 2001, este es uno de los primeros textos dentro del campo de la literatura infantil y juvenil que aborda la violencia contra las mujeres. La obra ha merecido numerosos premios, como el Premio Iberoamericano de Novela en La Habana, Cuba. En este libro se conjugan las vive...

Descripción completa

Guardado en:
Autor Principal: Comino, Sandra
Otros Autores: Weiss, Mónica; il.
Formato: Libro
Publicado: Córdoba [argentina] : Comunic-arte, 2014
Series:Viente Escalones ; 12
Identidades bonaerenses
Materias:
ESI
Etiquetas: Agregar Etiqueta
Sin Etiquetas, Sea el primero en etiquetar este registro!
LEADER 02523nam a22003855a 4500
001 CEM.cems015256
008 130507s2014##################000#0#####d
005 20260616151442.0
245 1 0 |a La casita azul /  |c Sandra Comino ; ilustrado Por Mónica Weiss 
260 |a Córdoba [argentina] :  |b Comunic-arte,  |c 2014 
300 |a 128 p. 
490 0 |a Viente Escalones ; 12 
490 0 |a Identidades bonaerenses 
520 |a Publicado por primera vez en 2001, este es uno de los primeros textos dentro del campo de la literatura infantil y juvenil que aborda la violencia contra las mujeres. La obra ha merecido numerosos premios, como el Premio Iberoamericano de Novela en La Habana, Cuba. En este libro se conjugan las vivencias de una adolescente, con un padre golpeador, una abuela contenedora y una mamá que desapareció un buen día, queriéndola mucho y sin dejar rastro. Los enredos con su amigo Bruno, la lectura y la radio son elementos de la trama que abonan a la importancia de los vínculos sanos para salir de situaciones violentas. Todo ocurre en un pueblo que puede identificarse como bonaerense, pero con pasajes fantásticos como la existencia de una "casa azul" que todos los 28 de noviembre se tiñe de ese color. Se destaca la figura del bibliotecario como formador de lectores y de la radio como eje de formación de vínculos en la comunidad. ¿Cuántas veces te refugiaste en un libro para escaparte de tus problemas? La protagonista de esta historia necesita salir de su casa, crear nuevos mundos para imaginar un futuro sin violencia y con más esperanza. 
020 |a 9789876023016 
020 |a 9789876024877 
100 1 |a Comino, Sandra 
700 1 |a Weiss, Mónica; il. 
082 0 4 |a A863.4 
653 |a Literatura 
653 |a Literatura argentina 
653 |a Literatura infantil 
653 |a Novela 
653 |a Novelas infantiles 
653 |a Colección ciencias de la educación 
653 |a Leyendas 
653 |a Violencia de género 
653 |a ESI 
653 |a Identidades bonaerenses 
859 |a CEMS  |b BIB. CEMS - 11 de abril  |h A863.4  |i C735-3  |p 30273.25  |t Ej.1 
859 |a CEMS  |b BIB. CEMS - Agricultura  |h A863.4  |i C735-1  |p A3918.25  |t Ej.1 
859 |a CEMS  |b BIB. CEMS - Ccias. Educacion  |h A863.4LS1  |i C735  |k CE  |p 28479.19  |t Ej.1 
859 |a CEMS  |b BIB. CEMS - Ccias. Educacion  |h A863.4  |i C735  |k CE  |p 28472.19  |t Ej.2 
859 |a CEMS  |b BIB. CEMS - 11 de abril  |h A863.4  |i C735-3  |p 30274.25  |t Ej.2 
859 |a CEMS  |b BIB. CEMS - Ccias. Educacion  |h A863.4  |i C735  |k CE  |p 30275.25  |t Ej.3